000 00630nam a22002297a 4500
003 UA-OsUOA
001 96737
007 ta
008 20130321b un ||||| |||| 00| 0 ukr d
100 _aМоскаленко А.
090 _a821.161.1
_bМ81
942 _cBK
040 _aUA-OsUOA
_brus
_cUA-OsUOA
_dUA-OsUOA
245 _aСвобода для волка
_bамериканские тетради
300 _a717 с.
955 _a3
041 _arus
080 _a821.161.1
260 _aК.
_bДнипро
_c1989
650 7 _a82 Література. Літературознавство
_2UDC
999 _c382943
_d382943